Direct foreign investments in Slovakia with focus on the banking sphere

Gespeichert in:
Bibliographische Detailangaben
1. Verfasser: Hošková, Adela
Weitere Verfasser: Vágnerová, Soňa
Format: Buch
Sprache:Englisch
Veröffentlicht: Bratislava Institute of Monetary and Financial Studies of the NBS 1998
Schlagworte:
Tags: Tag hinzufügen
Keine Tags, Fügen Sie das erste Tag hinzu!

MARC

LEADER 00000nam a2200000 4500
001 c124624
005 20221221082038.7
041 0 |a eng 
044 |a SK 
245 1 0 |a Direct foreign investments in Slovakia with focus on the banking sphere  |c Adela Hošková, Soňa Vágnerová 
264 1 |a Bratislava  |b Institute of Monetary and Financial Studies of the NBS  |c 1998 
300 |a 43 s. 
610 2 0 |a investície priame zahraničné 
610 2 0 |a banky 
610 2 0 |a bankovníctvo 
610 2 0 |a bilancia obchodná 
610 2 0 |a bilancia platobná 
610 2 0 |a porovnanie medzinárodné 
610 2 0 |a Slovensko 
610 2 0 |a NBS Bratislava 
100 1 |a Hošková, Adela 
700 1 |a Vágnerová, Soňa